| 000 | 00989cam a22003134a 4500 | ||
|---|---|---|---|
| 001 | 14065495 | ||
| 005 | 20180815050613.0 | ||
| 008 | 050805s2007 maua b 001 0 eng | ||
| 010 | _a 2005053363 | ||
| 020 | _a0073137065 (alk. paper) | ||
| 020 | _a007313709X (CDROM) | ||
| 020 | _a0073230588 (text w/CDROM) | ||
| 020 | _a9780073137063 | ||
| 020 | _a9780073137094 | ||
| 020 | _a9780073230580 | ||
| 035 | _a(OCoLC)ocm61254048 | ||
| 040 |
_aDLC _cDLC _dBAKER _dC#P _dUBY _dDLC |
||
| 041 | _aeng | ||
| 042 | _apcc | ||
| 080 | _a658.5 | ||
| 082 | 0 | 0 |
_a658.5 _222 |
| 100 | 1 | _a53 | |
| 101 | _aMAN | ||
| 245 | 1 | 0 |
_aOperations management : _cRoger G. Schroeder. |
| 504 | _aIncludes bibliographical references and index. | ||
| 906 |
_a7 _bcbc _corignew _d1 _eocip _f20 _gy-gencatlg |
||
| 942 |
_2ddc _cBK |
||
| 999 |
_c47179 _d47179 |
||